000 00626nam a2200217Ia 4500
001 5065
003 GE_BSU
008 181216s||||||||xx |||||||||||||| ||und||
040 _cGE_BSU
080 _a621.316.9
100 _aФедосеев,А.М.
245 _aОсновы релейной защиты.
245 _cРед. А.К.Мержанов.
260 _aМ.-Л.
260 _bГосэнергоиздат.
260 _c1961.
300 _a440 стр. с илл. 27 см. Библиогр.: стр. 430-437.
300 _eЧертеж.
653 _aОсновы релейной защиты.
942 _cBK
999 _c38748
_d38748